| 000 | 00671 a2200241 4500 | ||
|---|---|---|---|
| 999 |
_c200131094 _d28130 |
||
| 001 | 200131094 | ||
| 003 | TR-AnTOB | ||
| 005 | 20231218085644.0 | ||
| 008 | 131227b tu 000 0 | ||
| 020 | _a9789750222771 | ||
| 040 |
_aTR-AnTOB _cTR-AnTOB _beng _erda |
||
| 041 | _atur | ||
| 050 | _aK115 | ||
| 090 | _aK115 .Y33 2013 | ||
| 245 | 1 | 0 |
_aYabancı ülkelerin avukatlık kanunları / _cEditör Tuncay Yılmaz,Şerife Yazıcı. |
| 264 | 1 |
_aAnkara: _bSeçkin, _c2013 |
|
| 300 |
_a204 s. ; _c24 cm. |
||
| 490 | 0 |
_aSeçkin Hukuk ; _v1239. |
|
| 520 | _aAvrupa Birliği Avukatlık Kanunu | ||
| 650 | 0 | 7 |
_aAvukatlık _2etuturkob _994995 |
| 942 |
_cBK _2lcc |
||